000 01184nam a2200325 i 4500
005 20220317001751.0
007 ta
008 210804s20162020sp a br 000 0 spa d
020 _a9788426143457
040 _aCO-BoRNBP
_bspa
_erda
_cCO-BoRNBP
041 1 _aspa
_heng
082 0 4 _a595.7
_bZ65g
_222
100 1 _aZommer, Yuval,
_eautor
245 1 3 _aEl gran libro de los bichos
_ctexto e ilustraciones Yuval Zommer ; experta en bichos Barbara Taylor ; traducción Susana Tornero
250 _aPrimera edición, Sexta edición
264 1 _aBarcelona
_bEditorial Juventud
_c2016
_c2020
300 _a63 páginas
_bilustraciones
_c35 cm
336 _atexto
_btxt
_2rdacontent
337 _asin mediación
_bn
_2rdamedia
338 _avolumen
_bnc
_2rdacarrier
521 _aRecomendado para un público infantil mayor de 6 años
534 _tBig book of bugs
650 1 7 _aInsectos
_xEnseñanza elemental
_2ARMARC
650 1 7 _aInsectos
_vLibro de imágenes
_2ARMARC
650 1 7 _aInsectos
_xHábitos y conducta
_2ARMARC
700 1 _aTaylor, Barbara
_9178186
700 1 _aTornero, Susana
_etraductora
_9178187
700 1 _aTornero, Susana
_etraductora
_9178187
942 _2ddc
_cBKLIT
999 _c8026
_d8026